[Event "Roncana op-C 5th"]
[Site "Santa Eulalia de Roncana"]
[Date "2011.10.08"]
[Round "2"]
[White "Fernandez Hernandez, Victor"]
[Black "Lopez Pajuelo, Sergi"]
[Result "0-1"]
[WhiteElo "1742"]
[BlackElo "1472"]
[PlyCount "54"]
[EventDate "2011.10.01"]
[EventType "swiss"]
[EventRounds "8"]
[EventCountry "ESP"]
[SourceTitle "EXT 2013"]
[Source "ChessBase"]
[SourceDate "2012.11.22"]
[SourceVersion "1"]
[SourceVersionDate "2012.11.22"]
[SourceQuality "1"]

1. e4 e6 2. Nf3 d5 3. exd5 exd5 4. Nc3 Nf6 5. Be2 Bd6 6. d3 0-0 7. 0-0 Bf5 8. Bg5 Nbd7 9. Bxf6 Nxf6 10. d4 Qe7 11. Bd3 Bxd3 12. Qxd3 Rae8 13. Rfe1 Qd7 14. Rxe8 Rxe8 15. Ng5 Qg4 16. Qd2 Bf4 17. h3 Qxg5 18. Qd3 Qg6 19. Qxg6 hxg6 20. Nb5 a6 21. Nxc7 Bxc7 22. b3 Re2 23. c4 dxc4 24. bxc4 Rd2 25. d5 Rc2 26. Rb1 Rxc4 27. Rxb7 Rc1# 0-1